Movies Quiz

Random Movies or Actress Quiz

Movie Cast Chain Game II Quiz Stats

 Plays Quiz Updated Feb 18, 2019

Support Sporcle.
Go Orange.
Score 0/21 Timer 05:00
0 Plays Today
Actors/Actresses Movie % Correct
Patrick Swayze & Jennifer GreyDirty Dancing
86.8%
Tom Hanks & Leonardo DiCaprioCatch Me If You Can
83.8%
Robert De Niro & Ben StillerMeet the Parents
82.6%
Demi Moore & Patrick SwayzeGhost
81.7%
Marlon Brando & Al PacinoThe Godfather
80.7%
Bruce Willis & Haley Joel OsmentThe Sixth Sense
78.5%
Ben Stiller & Cameron DiazThere's Something About Mary
73.2%
Cameron Diaz & Jim Carrey The Mask
71.7%
Leonardo DiCaprio & Jack NicholsonThe Departed
68.5%
Courteney Cox & Neve Campbell Scream
64.8%
Jim Carrey & Courteney CoxAce Ventura: Pet Detective
55.8%
Actors/Actresses Movie % Correct
Matthew Perry & Bruce WillisThe Whole Nine Yards
52%
Martin Sheen & Marlon BrandoApocalypse Now
46.9%
Al Pacino & Michelle PfeifferScarface
45.5%
Jack Nicholson & Demi MooreA Few Good Men
44.6%
Jennifer Grey & Charlie SheenFerris Bueller's Day Off
43.9%
Charlie Sheen & Martin SheenWall Street
40.2%
Christopher Walken & Robert De NiroThe Deer Hunter
35.7%
Michelle Pfeiffer & Christopher WalkenBatman Returns
31.6%
Haley Joel Osment & Tom HanksForrest Gump
27.1%
Neve Campbell & Matthew PerryThree to Tango
9.5%

From the Vault

Notable Births (1911-1950)

by Flick

History 6m
We're just glad to learn that none of these folks hatched out of a pod.
Remove Ads.
Support Sporcle.
Get the best of Sporcle when you Go Orange. This ad-free experience offers more features, more stats, and more fun while also helping to support Sporcle. Thank you for becoming a member.

Show Comments

Extras

Top Quizzes Today


Score Distribution

Your Account Isn't Verified!

In order to create a playlist on Sporcle, you need to verify the email address you used during registration. Go to your Sporcle Settings to finish the process.

Report this User

Report this user for behavior that violates our Community Guidelines.

Details: